000 00504nam a2200217Ia 4500
001 16153
003 GE_BSU
008 181216s||||||||xx |||||||||||||| ||und||
020 _a9788131526651
040 _cGE_BSU
080 _a624.1.083
100 _aSegui,T.William
245 _aSteel Design
260 _c2013
300 _a738p.24cm.
541 _h173 Gel.
653 _aSteel Design
653 _aსაინჟინრო საქმე
653 _aტექნიკა
942 _cBK
999 _c49240
_d49240